| 000 | 01469 a2200265 4500 | ||
|---|---|---|---|
| 003 | Nust | ||
| 005 | 20230918105105.0 | ||
| 010 | _a 95002742 | ||
| 020 | _c0471124877 (acid-free paper) | ||
| 040 | _cNust | ||
| 082 | 0 | 0 | _a620.0015192,BAL |
| 100 | 1 |
_aBalakrishnan, A. V. _957556 |
|
| 245 | 1 | 0 |
_aIntroduction to random processes in engineering / _cA.V. Balakrishnan. |
| 246 | 3 | 0 | _aRandom processes in engineering |
| 260 |
_aNew York : _bWiley, _cc1995. |
||
| 300 |
_axiii, 402 p. : _bill. ; _c25 cm. |
||
| 505 | _aLinear Algebra (Page-1), Random Processes: Basic Concepts, Properties (Page-37), Stationary Random Processes: Covariance and Spectrum (Page-63), Response of Linear Systems to Random Inputs: Discrete-Time Models (Page-109), Reswponse of Linear Systems to Random Inputs: Continuous-Time Models (Page-163), Time Averages and the Ergodic Principle (Page-215), Sampling Principles and Inerpolation (Page -249),Simulation of Random Processes (Page-275), Random Fields (Page-297), Linear Filtering Theory (Page-335). | ||
| 650 | 0 |
_aEngineering _xStatistical methods. _9129 |
|
| 650 | 0 | _aSignal processing. | |
| 650 | 0 | _aStochastic processes. | |
| 856 | 4 | 2 |
_3Contributor biographical information _uhttp://www.loc.gov/catdir/bios/wiley047/95002742.html |
| 856 | 4 | 2 |
_3Publisher description _uhttp://www.loc.gov/catdir/description/wiley031/95002742.html |
| 856 | 4 | 2 |
_3Table of Contents _uhttp://www.loc.gov/catdir/toc/onix01/95002742.html |
| 942 |
_cREF _2ddc |
||
| 999 |
_c175453 _d175453 |
||